01039nam a2200277 a 450000100060000000300090000600800410001501500210005602000150007704000280009208200180012010000520013824500710019026000420026130000200030350500310032359600080035460000750036265000330043765000470047065100570051791700180057494200120059299900170060495201400062124237CO-ViMGA141112s2004 ck r 000 u spa d ack - 1999 - xxxx a9588271460 aCO-ViMGAbspacCO-ViMGA04a923.582 S175f1 aSarmiento, Domingo Faustino, 1811 - 188893536710aFacundo, civilización y barbarie / cDomingo Faustino Sarmiento. aMéxico : bEditorial Porrua, c1977 a288 p. ; 17 cm. aincluye indice cronologico a5 7 aQuiroga, Juan Facundo, 1790 - 1835 Crítica e interpretación93536814aArgentina - Historia 91425914aQuiroga, Juan Facundo - Biografias 935369 aArgentina - Política y gobierno - Siglo XIX935370 a4330 20070801 2ddccBK c32241d32241 00102ddc40708003aMEVIECARbMEVIECARd2015-12-04h29/feb/2012l0o923.582 S175f p24265r2015-12-04 00:00:00tEj. 1w2015-12-04yBK